[Event "Mercredi 2023.09.05 ABCD"]
[Site "Montreal CAN"]
[Date "2023.09.27"]
[Round "3"]
[White "Avarian, Sevag"]
[Black "Rauch, Frank"]
[Result "0-1"]
[WhiteElo "1973"]
[BlackElo "1894"]
[PlyCount "109"]
[EventDate "2023.09.06"]
[EventType "tourn"]
[EventRounds "5"]
[EventCountry "CAN"]

1. e4 c6 2. d4 d5 3. exd5 cxd5 4. Bd3 Nf6 5. c3 Bg4 6. Qb3 Qc7 7. f3 Bh5 8. Ne2
Nc6 9. Bf4 Qd7 10. Na3 e6 11. Bg3 Be7 12. Nf4 O-O 13. Nxh5 Nxh5 14. Qc2 h6 15.
Qd2 a6 16. Nc2 b5 17. a3 Na5 18. Qe2 Nc4 19. Ne3 a5 20. f4 Nf6 21. Bh4 Nxe3 22.
Qxe3 b4 23. Bxf6 Bxf6 24. O-O bxc3 25. bxc3 Rfc8 26. Qh3 Kh8 27. Bb1 Qc7 28.
Qd3 g6 29. Rc1 Qxf4 30. Rf1 Qg5 31. Ra2 e5 32. Raf2 e4 33. Qh3 e3 34. Rxf6 e2
35. Rxf7 exf1=Q+ 36. Rxf1 Rf8 37. Bd3 Rxf1+ 38. Bxf1 Re8 39. a4 Qe3+ 40. Qxe3
Rxe3 41. c4 dxc4 42. Kf2 Re4 43. Bxc4 Rxd4 44. Bb5 Kg7 45. Ke3 Rh4 46. h3 Rb4
47. Kf3 Kf6 48. Bd7 g5 49. Be8 Ke5 50. Ke3 Kd5 51. Bf7+ Kc5 52. Be8 Rb2 53. Kf3
Kb4 54. Kg3 Ra2 55. Bc6 0-1

[Event "Mercredi 2023.09.05 ABCD"]
[Site "Montreal CAN"]
[Date "2023.09.27"]
[Round "3"]
[White "Bain-Thouverez, Aurelien"]
[Black "Templonueva, Mark Geryl"]
[Result "1-0"]
[WhiteElo "1892"]
[BlackElo "1841"]
[PlyCount "136"]
[EventDate "2023.09.06"]
[EventType "tourn"]
[EventRounds "5"]
[EventCountry "CAN"]

1. Nf3 Nf6 2. g3 d5 3. Bg2 c5 4. O-O g6 5. d4 cxd4 6. Nxd4 e5 7. Nb3 Bg7 8. c4
d4 9. e3 d3 10. Nc5 e4 11. Nxe4 Na6 12. Qa4+ Bd7 13. Nd6+ Kf8 14. Qa3 Kg8 15.
Nxb7 Qb6 16. c5 Qe6 17. c6 Rc8 18. Qxa6 Bxc6 19. Nd8 Rxd8 20. Qxc6 Rd6 21. Qa8+
Bf8 22. Bd2 Kg7 23. Bc3 Be7 24. Qe4 Qd7 25. Qb7 Qe6 26. Bh3 Qxh3 27. Qxe7 Re6
28. Qb7 Rhe8 29. Qf3 g5 30. Nd2 Kg6 31. e4 Ng4 32. Qg2 Qh5 33. h3 Ne5 34. f4
gxf4 35. gxf4+ Kh6 36. Qg5+ Qxg5+ 37. fxg5+ Kh5 38. Bxe5 Rxe5 39. h4 Rc5 40.
Rxf7 Kxh4 41. Rxa7 Rc2 42. Rd1 Rxb2 43. Rxh7+ Kxg5 44. Rd7 Rxa2 45. Rxd3 Kf4
46. Rf1+ Ke5 47. Rd5+ Ke6 48. Rd3 Rg8+ 49. Kf2 Rh8 50. Ke3 Rh3+ 51. Rf3 Rh1 52.
Kf4 Re1 53. Rfe3 Rh1 54. Nf3 Rf1 55. Kg4 Rg2+ 56. Kf4 Rg8 57. e5 Rf8+ 58. Ke4
Rg8 59. Rd6+ Ke7 60. Kf5 Rg3 61. Re6+ Kd7 62. Rd3+ Kc7 63. Kf4 Rh3 64. Rf6 Rc1
65. Rf7+ Kc8 66. Ke4 Rc5 67. e6 Rh8 68. e7 Rc7 1-0

[Event "Mercredi 2023.09.05 ABCD"]
[Site "Montreal CAN"]
[Date "2023.09.27"]
[Round "3"]
[White "Batorshyn, Ilia	"]
[Black "Voskanyan, Vahagn"]
[Result "1-0"]
[WhiteElo "2211"]
[BlackElo "2127"]
[PlyCount "55"]
[EventDate "2023.09.06"]
[EventType "tourn"]
[EventRounds "5"]
[EventCountry "CAN"]

1. e4 e5 2. Nf3 Nf6 3. Nxe5 d6 4. Nf3 Nxe4 5. Nc3 Nxc3 6. dxc3 Be7 7. Bf4 Nc6
8. Qd2 Bg4 9. O-O-O O-O 10. Bd3 Bxf3 11. gxf3 Ne5 12. Bxe5 dxe5 13. Qe2 Bd6 14.
Qe4 f5 15. Qxb7 Kh8 16. Qd5 Qh4 17. Rdf1 Rab8 18. Bc4 Rfd8 19. Bb3 Qf4+ 20. Kb1
Be7 21. Qc4 e4 22. fxe4 fxe4 23. f3 Bf6 24. fxe4 Qe5 25. Rf5 Qxh2 26. Qf1 Qg3
27. Rxh7+ Kxh7 28. Rh5+ 1-0

[Event "Mercredi 2023.09.05 ABCD"]
[Site "Montreal CAN"]
[Date "2023.09.27"]
[Round "3"]
[White "Cardin, Guillaume"]
[Black "Di Matteo, Alessio"]
[Result "0-1"]
[WhiteElo "2088"]
[BlackElo "2017"]
[PlyCount "52"]
[EventDate "2023.09.06"]
[EventType "tourn"]
[EventRounds "5"]
[EventCountry "CAN"]

1. d4 Nf6 2. c4 e6 3. Nf3 d5 4. Nc3 Bb4 5. cxd5 exd5 6. Bg5 O-O 7. e3 c6 8. Bd3
Nbd7 9. O-O Re8 10. a3 Be7 11. Bf4 b6 12. e4 dxe4 13. Nxe4 Nd5 14. Bg3 Nf8 15.
Rc1 Bb7 16. Ne5 Ne6 17. Nxf7 Kxf7 18. Qh5+ Kg8 19. Nc5 Nf6 20. Bxh7+ Kh8 21.
Nxb7 Nxh5 22. Nxd8 Rexd8 23. Rxc6 Nxd4 24. Rc7 Nxg3 25. fxg3 Bd6 26. Rc4 Kxh7
0-1

[Event "Mercredi 2023.09.05 ABCD"]
[Site "Montreal CAN"]
[Date "2023.09.27"]
[Round "3"]
[White "Chasles, Jean-Benoit"]
[Black "Jia, Zhe"]
[Result "1-0"]
[WhiteElo "1818"]
[BlackElo "1863"]
[PlyCount "172"]
[EventDate "2023.09.06"]
[EventType "tourn"]
[EventRounds "5"]
[EventCountry "CAN"]

1. e4 c6 2. Nf3 d5 3. Nc3 Bg4 4. h3 Bh5 5. exd5 cxd5 6. g4 Bg6 7. Bb5+ Nc6 8.
Ne5 Rc8 9. h4 f6 10. Nxg6 hxg6 11. d4 e6 12. Be3 Bd6 13. Qf3 Nge7 14. O-O-O a6
15. Ba4 Bb4 16. Ne2 b5 17. Bb3 Na5 18. Bd2 Qd6 19. Kb1 Nxb3 20. Qxb3 Bxd2 21.
Rxd2 Rc6 22. f4 Qc7 23. Qd3 b4 24. Ng3 Kd7 25. h5 Kc8 26. Re1 gxh5 27. Nxh5 Ng6
28. Rde2 Re8 29. f5 Nf8 30. Qb3 Rc4 31. Qa4 Re7 32. Qxa6+ Qb7 33. Qxb7+ Kxb7
34. Rd2 Kc6 35. b3 Rc3 36. Nf4 Kd6 37. Nd3 e5 38. dxe5+ fxe5 39. Nxb4 d4 40.
Kb2 Rg3 41. Re4 Nd7 42. a4 Nc5 43. Ree2 Rxg4 44. Rg2 Rxg2 45. Rxg2 e4 46. Rg6+
Kd7 47. Kc1 e3 48. Kd1 Ne4 49. Ke1 Nd6 50. f6 gxf6 51. Rxf6 Rh7 52. Nd3 Rh1+
53. Rf1 Rh2 54. Rf4 Rh1+ 55. Ke2 Rh2+ 56. Kd1 Rh1+ 57. Ne1 Ke6 58. Rxd4 Ke5 59.
Rg4 Nf5 60. c3 Nh4 61. Ke2 Kf5 62. Rg8 Ng6 63. Nf3 Rc1 64. c4 Nf4+ 65. Kxe3
Rc3+ 66. Kf2 Rc2+ 67. Ke1 Nd3+ 68. Kd1 Rb2 69. a5 Kf4 70. Nd2 Nf2+ 71. Ke2 Ne4
72. Rf8+ Kg5 73. Rd8 Nxd2 74. Rxd2 Rxb3 75. Rd3 Rb4 76. Rd5+ Kf6 77. Kd3 Ke6
78. Kc3 Ra4 79. Kb3 Ra1 80. Kb4 Ra2 81. Kb5 Ra1 82. a6 Ra3 83. Kb6 Ra4 84. a7
Rb4+ 85. Rb5 Ra4 86. Ra5 Rxa5 1-0

[Event "Mercredi 2023.09.05 ABCD"]
[Site "Montreal CAN"]
[Date "2023.10.03"]
[Round "3"]
[White "Cote, Etienne"]
[Black "Wang, Rachel"]
[Result "1-0"]
[WhiteElo "1817"]
[BlackElo "1877"]
[PlyCount "150"]
[EventDate "2023.09.06"]
[EventType "tourn"]
[EventRounds "5"]
[EventCountry "CAN"]

1. e4 c5 2. Nf3 Nc6 3. Bb5 e6 4. Bxc6 bxc6 5. d3 Ne7 6. O-O Ng6 7. Qe2 e5 8. h4
d6 9. h5 Ne7 10. Nh2 Ng8 11. f4 Qh4 12. fxe5 dxe5 13. Nd2 Nf6 14. Nc4 Bg4 15.
Qf2 Qxh5 16. Qg3 Be6 17. Qxe5 Qxe5 18. Nxe5 Bd6 19. Nxc6 Kd7 20. Na5 Bc7 21.
Nb3 Bb6 22. Be3 c4 23. Bxb6 cxb3 24. Bd4 bxc2 25. Nf3 Rhc8 26. Bc3 Ng4 27. Nd4
Ne3 28. Rfc1 Nd1 29. Rxc2 Nxc3 30. bxc3 Bg4 31. Kf2 Rc7 32. Nf3 f6 33. Ke3 Rac8
34. c4 Ke7 35. Rac1 Be6 36. c5 f5 37. d4 fxe4 38. Kxe4 Rd8 39. Ne5 g6 40. Rh1
Bf5+ 41. Ke3 Rxd4 42. Kxd4 Bxc2 43. Rxh7+ Kd8 44. Rxc7 Kxc7 45. g4 a5 46. Kd5
Bb1 47. Kc4 Bxa2+ 48. Kb5 Be6 49. Kxa5 Bc8 50. Kb5 Be6 51. Kb4 Kd8 52. Kc3 Kc7
53. Kd4 Bc8 54. Kd5 Bb7+ 55. c6 Bc8 56. g5 Bf5 57. Nf3 Bh3 58. Nd4 Bg2+ 59. Kc5
Bh3 60. Nb5+ Kd8 61. Kd6 Kc8 62. Nc3 Bf5 63. Nd5 Bh3 64. Ne7+ Kd8 65. c7+ Ke8
66. c8=Q+ Bxc8 67. Nxc8 Kf7 68. Kd7 Kf8 69. Ke6 Kg7 70. Nd6 Kg8 71. Kf6 Kh7 72.
Nc4 Kg8 73. Kxg6 Kh8 74. Ne5 Kg8 75. Nf7 Kf8 1-0

[Event "Mercredi 2023.09.05 ABCD"]
[Site "Montreal CAN"]
[Date "2023.09.27"]
[Round "3"]
[White "Deboosere, Adam"]
[Black "Chapdelaine, Gwyn"]
[Result "0-1"]
[WhiteElo "2016"]
[BlackElo "2088"]
[PlyCount "35"]
[EventDate "2023.09.06"]
[EventType "tourn"]
[EventRounds "5"]
[EventCountry "CAN"]

1. c4 b6 2. d4 Nf6 3. Nc3 e6 4. a3 Bb7 5. Qc2 c5 6. Bf4 cxd4 7. Nb5 d6 8. Bg5
e5 9. Bxf6 gxf6 10. a4 a6 11. Na3 d5 12. Qb3 Nc6 13. cxd5 Na5 14. Qd3 Bb4+ 15.
Kd1 Bxd5 16. e4 dxe3 17. fxe3 Bxg2 18. Qd7+ 0-1

[Event "Mercredi 2023.09.05 ABCD"]
[Site "Montreal CAN"]
[Date "2023.09.27"]
[Round "3"]
[White "Gadbois, Patrick"]
[Black "Landry, Sylvain"]
[Result "1/2-1/2"]
[WhiteElo "1896"]
[BlackElo "1893"]
[PlyCount "88"]
[EventDate "2023.09.06"]
[EventType "tourn"]
[EventRounds "5"]
[EventCountry "CAN"]

1. d4 Nf6 2. Nf3 g6 3. e3 Bg7 4. Bd3 O-O 5. O-O d6 6. b3 c5 7. Bb2 Nbd7 8. Nbd2
a6 9. a4 b6 10. c4 Bb7 11. d5 e5 12. dxe6 fxe6 13. Qc2 Qe7 14. Rad1 Rad8 15.
Rfe1 e5 16. Ne4 Kh8 17. h3 d5 18. Nxf6 Rxf6 19. cxd5 Bxd5 20. Be4 Bxe4 21. Qxe4
Rff8 22. Qc4 a5 23. Rd2 e4 24. Bxg7+ Kxg7 25. Qc3+ Qf6 26. Qxf6+ Kxf6 27. Red1
Rf7 28. Rd6+ Ke7 29. Ng5 Rf6 30. Nxe4 Rxd6 31. Rxd6 Rb8 32. Rc6 Rb7 33. Nc3 Nf6
34. e4 Kf7 35. e5 Ne8 36. f4 Nc7 37. Ne4 Ke7 38. Rd6 Ne6 39. g3 Nd4 40. Nd2 b5
41. axb5 Rxb5 42. Rd5 Ke6 43. Rd6+ Ke7 44. Rd5 Ke6 1/2-1/2

[Event "Mercredi 2023.09.05 ABCD"]
[Site "Montreal CAN"]
[Date "2023.09.27"]
[Round "3"]
[White "Genzling, Jerome"]
[Black "Have, Didier"]
[Result "1/2-1/2"]
[WhiteElo "2070"]
[BlackElo "2056"]
[PlyCount "106"]
[EventDate "2023.09.06"]
[EventType "tourn"]
[EventRounds "5"]
[EventCountry "CAN"]

1. e4 c5 2. Nf3 d6 3. d4 cxd4 4. Nxd4 Nf6 5. Nc3 g6 6. g3 Bg7 7. Bg2 O-O 8. h3
Nc6 9. Be3 Bd7 10. O-O Rc8 11. Nde2 Qa5 12. f4 Qh5 13. Nd4 Bg4 14. Qd2 Nxd4 15.
Bxd4 Bxh3 16. Bxa7 Be6 17. Nd5 Bxd5 18. exd5 Ng4 19. Rf3 Ra8 20. Bd4 Qxd5 21.
Rd3 Bxd4+ 22. Rxd4 Qc5 23. Qc3 Qh5 24. Rc4 Ra5 25. b4 Raa8 26. a3 b5 27. Rc7
Rfe8 28. Re1 e6 29. Kf1 Nh2+ 30. Kf2 Ng4+ 31. Kf1 Rab8 32. Re2 d5 33. Ke1 Red8
34. Bf3 d4 35. Qd3 Qh3 36. Bxg4 Qxg4 37. Re5 Rd5 38. Rc5 Qh3 39. Kd2 Qh1 40.
Re1 Qg2+ 41. Re2 Qg1 42. Re5 Qh1 43. Ke2 Qg1 44. Qf3 Rxc5 45. Rxc5 Qc1 46. g4
Rd8 47. g5 d3+ 48. cxd3 Qxa3 49. Qe4 Qb2+ 50. Ke3 Qb1 51. Rxb5 Qe1+ 52. Kf3
Qf1+ 53. Ke3 Qe1+ 1/2-1/2

[Event "Mercredi 2023.09.05 ABCD"]
[Site "Montreal CAN"]
[Date "2023.09.27"]
[Round "3"]
[White "Latorre, Vincent"]
[Black "Pomerantz, Daniel"]
[Result "1/2-1/2"]
[WhiteElo "2197"]
[BlackElo "2150"]
[PlyCount "64"]
[EventDate "2023.09.06"]
[EventType "tourn"]
[EventRounds "5"]
[EventCountry "CAN"]

1. e4 c6 2. d4 d5 3. e5 c5 4. dxc5 e6 5. Nf3 Bxc5 6. Bd3 f6 7. O-O Nc6 8. Qe2
fxe5 9. Nxe5 Nxe5 10. Qxe5 Nf6 11. Nd2 O-O 12. Nf3 Bd6 13. Qd4 Qc7 14. Re1 Bd7
15. Qc3 Qxc3 16. bxc3 Rac8 17. Bd2 Ng4 18. h3 Nxf2 19. Kxf2 e5 20. Kg1 e4 21.
Be2 exf3 22. Bxf3 Bc6 23. Re6 Bc5+ 24. Kh1 d4 25. Bxc6 Rxc6 26. Rxc6 bxc6 27.
cxd4 Bxd4 28. Re1 Rf2 29. Be3 Bxe3 30. Rxe3 Rxc2 31. Ra3 Kf7 32. Rxa7+ Kf6
1/2-1/2

[Event "Mercredi 2023.09.05 ABCD"]
[Site "Montreal CAN"]
[Date "2023.09.27"]
[Round "3"]
[White "Lin, Leo"]
[Black "Kapush, Alex"]
[Result "1-0"]
[WhiteElo "2100"]
[BlackElo "2194"]
[PlyCount "101"]
[EventDate "2023.09.06"]
[EventType "tourn"]
[EventRounds "5"]
[EventCountry "CAN"]

1. e4 c5 2. Nc3 e6 3. g3 d5 4. exd5 exd5 5. d4 cxd4 6. Qxd4 Be6 7. Bg2 Nc6 8.
Qd1 d4 9. Nce2 Bb4+ 10. Bd2 Bc5 11. Nf3 Nf6 12. O-O O-O 13. Nf4 Bg4 14. h3 Bf5
15. Nh4 Be4 16. Re1 Bxg2 17. Nhxg2 Qd7 18. Qf3 Bd6 19. Nd5 Nxd5 20. Qxd5 Rfd8
21. Bg5 Nb4 22. Qb3 Rdc8 23. c3 Nd3 24. Red1 Qf5 25. Qc2 Qxg5 26. Qxd3 Bc5 27.
cxd4 Bb6 28. Ne3 Rd8 29. Qe4 Rd7 30. Nc4 Rad8 31. Nxb6 axb6 32. Rd3 Re7 33. Qf3
Qb5 34. Rb3 Qa5 35. Rd3 Red7 36. a3 h6 37. Rad1 Rd5 38. Rc1 b5 39. b4 Qb6 40.
Rc5 R5d7 41. d5 Qa6 42. Rdc3 Rd6 43. Qd3 b6 44. Rxb5 Qb7 45. Rc6 Qxc6 46. dxc6
Rxd3 47. Rxb6 Rc8 48. a4 Kf8 49. a5 Ke7 50. Rb7+ Kd6 51. b5 1-0

[Event "Mercredi 2023.09.05 ABCD"]
[Site "Montreal CAN"]
[Date "2023.09.27"]
[Round "3"]
[White "Singher, Jean-Pierre"]
[Black "Beaudry, Marc-Andre"]
[Result "1/2-1/2"]
[WhiteElo "1980"]
[BlackElo "1975"]
[PlyCount "53"]
[EventDate "2023.09.06"]
[EventType "tourn"]
[EventRounds "5"]
[EventCountry "CAN"]

1. d4 d5 2. Bf4 Nf6 3. Nc3 c5 4. e3 cxd4 5. exd4 a6 6. Bd3 Nc6 7. Nce2 Nb4 8.
Nf3 e6 9. O-O b6 10. Ng3 Nxd3 11. Qxd3 Be7 12. c4 Bb7 13. b3 O-O 14. Ne5 Rc8
15. h4 Nd7 16. h5 Nxe5 17. Bxe5 Qd7 18. h6 f6 19. hxg7 Rf7 20. Bf4 Rxg7 21.
Rad1 Kh8 22. Rfe1 Bb4 23. Re2 Qc6 24. f3 Rcg8 25. cxd5 Qxd5 26. Ne4 Qf5 27. Bh2
1/2-1/2

[Event "Mercredi 2023.09.05 ABCD"]
[Site "Montreal CAN"]
[Date "2023.10.04"]
[Round "4"]
[White "Avarian, Sevag"]
[Black "Gadbois, Patrick"]
[Result "1/2-1/2"]
[WhiteElo "1973"]
[BlackElo "1896"]
[PlyCount "80"]
[EventDate "2023.09.06"]
[EventType "tourn"]
[EventRounds "5"]
[EventCountry "CAN"]

1. e4 e6 2. d4 d5 3. Bd3 dxe4 4. Bxe4 Nf6 5. Bf3 Bd6 6. Ne2 O-O 7. Nd2 Nbd7 8.
Nc4 Be7 9. Bg5 h6 10. Be3 Nd5 11. Qd2 Nxe3 12. fxe3 c5 13. O-O Qc7 14. b3 Rb8
15. a4 Bf6 16. c3 b6 17. Ng3 cxd4 18. cxd4 Ba6 19. Rac1 Qd8 20. Rf2 Bxc4 21.
bxc4 Bh4 22. Be4 Bxg3 23. hxg3 Qg5 24. Kh2 Qh5+ 25. Kg1 Nf6 26. Bf3 Qg5 27. Kh2
Rfd8 28. Rb1 h5 29. Rb5 Qh6 30. e4 Qxd2 31. Rxd2 Rbc8 32. e5 Nd7 33. Be2 Nc5
34. a5 bxa5 35. Rd1 Ne4 36. Rb3 a4 37. Ra3 Nf2 38. Rd2 Ne4 39. Rd1 Nf2 40. Rd2
Ne4 1/2-1/2

[Event "Mercredi 2023.09.05 ABCD"]
[Site "Montreal CAN"]
[Date "2023.10.04"]
[Round "4"]
[White "Cote, Etienne"]
[Black "Bain-Thouverez, Aurelien"]
[Result "0-1"]
[WhiteElo "1817"]
[BlackElo "1892"]
[PlyCount "48"]
[EventDate "2023.09.06"]
[EventType "tourn"]
[EventRounds "5"]
[EventCountry "CAN"]

1. e4 c5 2. Nf3 e6 3. d4 cxd4 4. Nxd4 a6 5. Nc3 Qc7 6. Bd3 Bb4 7. Bd2 Nf6 8.
O-O Nc6 9. Nxc6 bxc6 10. Nb5 axb5 11. Bxb4 c5 12. Bc3 b4 13. Bxf6 gxf6 14. Qg4
Bb7 15. Bc4 Qe5 16. Rfe1 Ke7 17. Rad1 Rhg8 18. Qh4 Qxb2 19. Rd2 Qc3 20. Red1
Rxg2+ 21. Kf1 Qxc4+ 22. Kxg2 Bxe4+ 23. f3 Bxf3+ 24. Kh3 Qxh4+ 0-1

[Event "Mercredi 2023.09.05 ABCD"]
[Site "Montreal CAN"]
[Date "2023.10.04"]
[Round "4"]
[White "Di Matteo, Alessio"]
[Black "Deboosere, Adam"]
[Result "0-1"]
[WhiteElo "2017"]
[BlackElo "2016"]
[PlyCount "154"]
[EventDate "2023.09.06"]
[EventType "tourn"]
[EventRounds "5"]
[EventCountry "CAN"]

1. d4 d5 2. c4 dxc4 3. e4 e5 4. Nf3 exd4 5. Nxd4 Nf6 6. Nc3 Bc5 7. Ndb5 a6 8.
Qxd8+ Kxd8 9. Na3 b5 10. f3 Nbd7 11. Nc2 Bb7 12. Be3 Ke7 13. O-O-O Rad8 14. Be2
Bb6 15. g4 Nc5 16. Bg5 h6 17. Bh4 g5 18. Bg3 Ne6 19. h4 Bc5 20. hxg5 hxg5 21.
Be5 Bd6 22. Bxd6+ cxd6 23. Ne3 Ng7 24. a3 Ra8 25. Kc2 Bc6 26. Rde1 Rad8 27. Bd1
Kd7 28. Kd2 Kc7 29. Ned5+ Bxd5 30. exd5 Kd7 31. Bc2 Rde8 32. Rxh8 Rxh8 33. Re2
Rh3 34. Ke3 Nxg4+ 35. Kd2 Rxf3 36. Re1 Rf2+ 37. Kc1 Nf6 38. Nd1 Rf4 39. Ne3 Rf3
40. Bd1 Rg3 41. Kd2 Ne4+ 42. Ke2 Nh5 43. Nf5 Nf4+ 44. Kf1 Nd2+ 45. Kf2 Rg2+ 46.
Ke3 Nxd5+ 47. Kd4 Kc6 48. a4 Rf2 49. Ne7+ Nxe7 50. Rxe7 Nb3+ 51. Kc3 f5 52. Bh5
bxa4 53. Kxc4 Rf4+ 54. Kc3 Nc5 55. Be8+ Kb6 56. Rg7 g4 57. Rg6 Ne4+ 58. Kc2 g3
59. Bxa4 Rf2+ 60. Kd3 Rxb2 61. Bd7 Nc5+ 62. Kc3 Rb3+ 63. Kc4 Rf3 64. Be8 Ne4
65. Kd5 Rf2 66. Bd7 g2 67. Bxf5 Rxf5+ 68. Kxe4 Rf2 69. Rxd6+ Kc5 70. Rg6 a5 71.
Ke3 Rb2 72. Kd3 Kb4 73. Rg4+ Kb3 74. Rg8 a4 75. Rb8+ Ka2 76. Rg8 Kb1 77. Ke3 a3
0-1

[Event "Mercredi 2023.09.05 ABCD"]
[Site "Montreal CAN"]
[Date "2023.10.04"]
[Round "4"]
[White "Genzling, Jerome"]
[Black "Cardin, Guillaume"]
[Result "1-0"]
[WhiteElo "2070"]
[BlackElo "2088"]
[PlyCount "97"]
[EventDate "2023.09.06"]
[EventType "tourn"]
[EventRounds "5"]
[EventCountry "CAN"]

1. e4 e5 2. Nf3 Nc6 3. d4 exd4 4. Bc4 Bc5 5. c3 Nf6 6. e5 d5 7. Bb5 Ne4 8. cxd4
Bb6 9. Be3 Bg4 10. h3 Bh5 11. O-O O-O 12. Bxc6 bxc6 13. Nc3 f6 14. g4 Bg6 15.
exf6 Qxf6 16. Ne5 Qh4 17. Kg2 Rae8 18. Qe1 c5 19. Nxg6 hxg6 20. Nxe4 cxd4 21.
Bg5 Qh7 22. f3 Kh8 23. Qb4 dxe4 24. fxe4 Rxf1 25. Rxf1 Qg8 26. a4 Qe6 27. Rf8+
Kh7 28. Rxe8 Qxe8 29. Kf3 d3 30. h4 Qf7+ 31. Bf4 c5 32. Qc3 Bc7 33. e5 Qd5+ 34.
Ke3 c4 35. Kf2 Bb6+ 36. Kg3 Ba5 37. Qc1 d2 38. Qd1 Qd3+ 39. Kh2 Qd4 40. Kg3
Qxb2 41. e6 Qa3+ 42. Kg2 c3 43. h5 gxh5 44. g5 Qb4 45. Qxh5+ Kg8 46. Qf7+ Kh8
47. Qe8+ Qf8 48. Qxf8+ Kh7 49. Qf5+ 1-0

[Event "Mercredi 2023.09.05 ABCD"]
[Site "Montreal CAN"]
[Date "2023.10.04"]
[Round "4"]
[White "Have, Didier"]
[Black "Chapdelaine, Gwyn"]
[Result "0-1"]
[WhiteElo "2056"]
[BlackElo "2088"]
[PlyCount "134"]
[EventDate "2023.09.06"]
[EventType "tourn"]
[EventRounds "5"]
[EventCountry "CAN"]

1. e4 c6 2. d4 d5 3. exd5 cxd5 4. Bd3 Nc6 5. c3 Nf6 6. Bf4 Bg4 7. Qb3 Qd7 8.
Nd2 e6 9. Ngf3 Bd6 10. Bxd6 Qxd6 11. O-O O-O 12. Rae1 Ne7 13. Ne5 Bf5 14. Re3
Bxd3 15. Rxd3 Ng6 16. f4 Qa6 17. Rh3 Qe2 18. Nxg6 hxg6 19. Qd1 Qxd1 20. Rxd1
Rfc8 21. Re3 a5 22. h3 b5 23. a3 Rab8 24. Nb3 b4 25. cxb4 axb4 26. Nc5 bxa3 27.
bxa3 Rb2 28. Ra1 Ne4 29. Rb3 Rd2 30. Rd3 Rb2 31. Rb3 Rc2 32. Nxe4 dxe4 33. Re3
f5 34. Rd1 Rb2 35. d5 Rd8 36. d6 Rb6 37. a4 Rdxd6 38. Rxd6 Rxd6 39. Kf2 Kf7 40.
a5 Ra6 41. Ra3 Kf6 42. Ke3 e5 43. h4 Ke6 44. Ra4 Kd5 45. Ra3 exf4+ 46. Kxf4 Kc4
47. g4 Kb4 48. Rg3 Rxa5 49. gxf5 gxf5 50. Rxg7 Kc3 51. Rd7 Ra1 52. Rd5 Rf1+ 53.
Ke3 Kc4 54. Rd4+ Kc5 55. Rd8 Rf3+ 56. Ke2 Rf4 57. Rf8 Kd5 58. Ke3 Rf3+ 59. Ke2
Ke5 60. h5 Rh3 61. Rh8 Kf4 62. h6 Rh2+ 63. Ke1 e3 64. Rf8 Rxh6 65. Rc8 Kf3 66.
Kd1 e2+ 67. Kd2 Kf2 0-1

[Event "Mercredi 2023.09.05 ABCD"]
[Site "Montreal CAN"]
[Date "2023.10.04"]
[Round "4"]
[White "Kapush, Alex"]
[Black "Latorre, Vincent"]
[Result "0-1"]
[WhiteElo "2194"]
[BlackElo "2197"]
[PlyCount "118"]
[EventDate "2023.09.06"]
[EventType "tourn"]
[EventRounds "5"]
[EventCountry "CAN"]

1. e4 e5 2. Nf3 Nc6 3. Bb5 a6 4. Ba4 d6 5. d3 Bd7 6. c3 g6 7. h4 h5 8. Bg5 f6
9. Be3 Nh6 10. Nh2 Bg7 11. Na3 Nf7 12. Bb3 Qe7 13. Qe2 f5 14. g3 Rf8 15. exf5
Bxf5 16. Bd5 Be6 17. Be4 Nh8 18. Bg2 d5 19. Nc2 Nf7 20. O-O-O O-O-O 21. d4 e4
22. f3 exf3 23. Nxf3 Bg4 24. Qd2 Nd6 25. Bg5 Bf6 26. Bxf6 Qxf6 27. Rdf1 Ne4 28.
Qe1 Qd6 29. Ne5 Nxe5 30. Bxe4 dxe4 31. dxe5 Qxe5 32. Rxf8 Rxf8 33. Qe3 Rf3 34.
Qa7 Qxg3 35. Re1 c6 36. Qd4 Rf2 37. Ne3 Rf7 38. Nc2 Qf4+ 39. Ne3 Rd7 40. Qc5
Qf2 41. Rf1 Qd2+ 42. Kb1 Qd3+ 43. Kc1 Bf3 44. Rg1 Qd2+ 45. Kb1 Qf2 46. Rf1 Qe2
47. Rc1 Qb5 48. Qf8+ Rd8 49. Qf6 Qd3+ 50. Nc2 Qd6 51. Qg5 Qd2 52. Ne3 Rd3 53.
Nc4 Qxg5 54. hxg5 h4 55. Ne5 h3 56. Nxf3 Rxf3 57. Re1 Rf2 58. a4 h2 59. Ka2 e3
0-1

[Event "Mercredi 2023.09.05 ABCD"]
[Site "Montreal CAN"]
[Date "2023.10.04"]
[Round "4"]
[White "Landry, Sylvain"]
[Black "Singher, Jean-Pierre"]
[Result "1-0"]
[WhiteElo "1893"]
[BlackElo "1980"]
[PlyCount "71"]
[EventDate "2023.09.06"]
[EventType "tourn"]
[EventRounds "5"]
[EventCountry "CAN"]

1. e4 c5 2. Nf3 Nc6 3. d4 cxd4 4. Nxd4 e5 5. Nb5 d6 6. c4 Be6 7. N1c3 a6 8. Na3
g6 9. Nc2 Bg7 10. Bd3 Nf6 11. O-O Rc8 12. b3 O-O 13. Bg5 h6 14. Bh4 Qa5 15. Nd5
Bxd5 16. cxd5 Nb8 17. Ne3 Nbd7 18. Nc4 Qc7 19. Qf3 b5 20. Ne3 Nh5 21. Nf5 gxf5
22. Qxh5 f4 23. Rad1 Rfe8 24. Be2 Qb7 25. Bg4 Rc2 26. g3 Nc5 27. Bf5 Rxa2 28.
gxf4 exf4 29. Kh1 Nxe4 30. Rg1 Kf8 31. Bxe4 Rxe4 32. Rxg7 Kxg7 33. Rg1+ Kf8 34.
Qxh6+ Ke8 35. Qh8+ Kd7 36. Qd8# 1-0

[Event "Mercredi 2023.09.05 ABCD"]
[Site "Montreal CAN"]
[Date "2023.10.10"]
[Round "4"]
[White "Pomerantz, Daniel"]
[Black "Batorshyn, Ilia	"]
[Result "1/2-1/2"]
[WhiteElo "2150"]
[BlackElo "2211"]
[PlyCount "134"]
[EventDate "2023.09.06"]
[EventType "tourn"]
[EventRounds "5"]
[EventCountry "CAN"]

1. e4 Nf6 2. e5 Nd5 3. d4 d6 4. c4 Nb6 5. exd6 cxd6 6. Nf3 g6 7. h3 Bg7 8. Be2
O-O 9. O-O Bf5 10. Nc3 Nc6 11. Be3 d5 12. b3 dxc4 13. bxc4 Na5 14. c5 Nd5 15.
Nxd5 Qxd5 16. Qa4 Nc6 17. Bc4 Qd7 18. Rad1 Ne5 19. Qxd7 Nxf3+ 20. gxf3 Bxd7 21.
Kg2 b6 22. Bd5 Rac8 23. Rc1 Rfd8 24. Bb7 Rc7 25. c6 Bc8 26. Bf4 e5 27. Bxe5
Bxe5 28. dxe5 Bxb7 29. cxb7 Rxb7 30. Rfd1 Rbd7 31. Rxd7 Rxd7 32. Rc2 Kf8 33. f4
Ke7 34. Kg3 b5 35. Kg4 Ke6 36. Kg5 h6+ 37. Kxh6 Kf5 38. h4 Rb7 39. Rc6 Kxf4 40.
e6 Kf5 41. exf7 Rxf7 42. Rxg6 Rb7 43. h5 b4 44. Rg7 Rb6+ 45. Kh7 a5 46. Ra7 a4
47. Rxa4 Rb7+ 48. Kg8 Rb8+ 49. Kf7 Rb7+ 50. Ke8 Kg5 51. Ra5+ Kh6 52. f4 b3 53.
axb3 Rxb3 54. Rd5 Rb4 55. Rf5 Rb7 56. Rf7 Rb8+ 57. Ke7 Kxh5 58. f5 Kg5 59. f6
Rb7+ 60. Kf8 Rb8+ 61. Kg7 Rb6 62. Rf8 Ra6 63. Rf7 Rb6 64. Rf8 Ra6 65. Rb8 Rxf6
66. Rb5+ Rf5 67. Rxf5+ Kxf5 1/2-1/2

[Event "Mercredi 2023.09.05 ABCD"]
[Site "Montreal CAN"]
[Date "2023.10.04"]
[Round "4"]
[White "Rauch, Frank"]
[Black "Beaudry, Marc-Andre"]
[Result "1/2-1/2"]
[WhiteElo "1894"]
[BlackElo "1975"]
[PlyCount "72"]
[EventDate "2023.09.06"]
[EventType "tourn"]
[EventRounds "5"]
[EventCountry "CAN"]

1. d4 d5 2. c4 c6 3. Nf3 Nf6 4. Nc3 e6 5. e3 Nbd7 6. Bd3 dxc4 7. Bxc4 b5 8. Bd3
Bb7 9. O-O a6 10. e4 c5 11. d5 c4 12. dxe6 fxe6 13. Bc2 Qc7 14. Ng5 Nc5 15. f4
h6 16. Nf3 Rd8 17. Qe2 Nd3 18. Ne5 Bc5+ 19. Kh1 Nb4 20. Ng6 Nxc2 21. Qxc2 Rg8
22. e5 Nd5 23. Ne4 Nb4 24. Qe2 Nd3 25. Nxc5 Qxc5 26. Be3 Qd5 27. Bb6 Rd7 28.
Rad1 Qe4 29. Qg4 Kf7 30. Nh4 Re8 31. Qh5+ g6 32. Qxh6 Rg8 33. Qg5 Rd5 34. f5
gxf5 35. Qh5+ Kf8 36. Rxd3 Qxd3 {illisible} 1/2-1/2

[Event "Mercredi 2023.09.05 ABCD"]
[Site "Montreal CAN"]
[Date "2023.10.04"]
[Round "4"]
[White "Templonueva, Mark Geryl"]
[Black "Chasles, Jean-Benoit"]
[Result "1-0"]
[WhiteElo "1841"]
[BlackElo "1818"]
[PlyCount "57"]
[EventDate "2023.09.06"]
[EventType "tourn"]
[EventRounds "5"]
[EventCountry "CAN"]

1. d4 Nf6 2. c4 e6 3. Nf3 d5 4. Nc3 Bb4 5. e3 O-O 6. g4 c5 7. g5 Ne4 8. Bd2
cxd4 9. Nxe4 dxe4 10. Bxb4 exf3 11. Bxf8 Kxf8 12. Qxd4 Qa5+ 13. Qd2 Qxg5 14.
O-O-O Nc6 15. Qd6+ Kg8 16. Rg1 Qf6 17. Rg4 g5 18. Rd5 h6 19. h4 exd5 20. Qxf6
Bxg4 21. Qxh6 Bd7 22. Qxg5+ Kf8 23. h5 Ne7 24. Qh6+ Kg8 25. Bd3 f5 26. Qd6 dxc4
27. Bxc4+ Kf8 28. Qh6+ Ke8 29. Qh8+ 1-0